1472 1474 1713 1497 1204 1556 1858 1056 1330 1895 1967 1051 1992 1526 1065 1750 1971 1933 1166 1213 1998 1458 1709 1111 1159 1248 1527 1883 1608 1797 1849 1211 1770 1502 1575 1305 1486 1428 1279 1233 1546 1564 1781 1592 1855 1061 1934 1522 1418 1639 1740 1566 1708 1420 1533 1425 1133 1151 1435 1302 1130 1994 1638 1767 1539 1048 1350 1503 1608 1044 1576 1219 1458 1624 1114 1183 1290 1309 1692 1984 1482 1508 1647 1890 1935 1396 1404 1220 1987 1756 1770 1345 1116 1988 1732 1038 1003 1045 1559 BCNSPRNW ULIB Ver.6.0+V

เปลี่ยนเป็นภาษาไทย

Change to English
 แสดงรายละเอียดบรรณานุกรม
  กลับหน้าหลัก

Brief Record : Get Marc (ISO 2709) : E-mail record : QR code < ปิดหน้าต่าง
LEADER : 00000nam 2200000uu 4500
001    13399125043
003     ULIB
008    160529s2011||||th 000 0 tha d
020    ^a9786161110260
060  4 ^aWA540.JT3^bM47T
100    ^aSuwit Wibulpolprasert
110    ^aMinistry of Public Health
245 00 ^aThailand health profile 2008-2010/^ceditor by Suwit Wibulpolprasert
260    ^aBangkok :^bBureau of Policy and Strategy, Ministry of Public Health,^c2011
300    ^a525 p. :^bill. ;^c30 cm.
310    ^aAnnual
650  0 ^aVital statistics^zThailand
650  0 ^aMedical policy^zThailand
650  2 ^aHealth Care^zThailand
650  2 ^aPrimary Health Care
650  2 ^aPublic Health^zThailand^vstatistics
700    ^aSuwit Wibulpolprasert^eeditor
710 1  ^aThailand. ^bMinistry of Public Health
945    ^p0^l0^i23781
999    ^aทศพร เกษรทอง
รายการนี้ยังไม่มีแท็ก
คุณยังไม่ได้ล็อกอิน คุณสามารถมีกิจกรรมร่วมกับเว็บไซต์ได้ แต่ต้องล็อกอินก่อน ::
  ล็อกอิน

รายการสื่อสารสนเทศ

ลำดับที่ ประเภท เลขเรียก/บาร์โค้ด สถานที่ สถานะ
1. วิทยาศาสตร์การแพทย์ และสุขภาพ
วิทยาศาสตร์การแพทย์ และสุขภาพ
สถานะ=หนังสือเก่า
WA540.JT3 M47T ฉ.1 
  Barcode: 23781
ห้องสมุดวิทยาเขตนครสวรรค์
►ส่วนจัดเก็บหนังสือเก่า นว.
บนชั้น
  ขอยืม

รายการใกล้เคียง
    ผู้แต่ง [Suwit Wibulpolprasert]

    หัวเรื่อง [Primary Health Care]

BibComment


ยังไม่เคยถูกคอมเมนท์

คอมเมนท์ทรัพยากรรายการนี้
  คอมเมนท์: Thailand health ..


 Copyright 2026. Bcnsprnw @Library